[Event "Coimbra op"]
[Site "Coimbra"]
[Date "2014.04.27"]
[Round "5"]
[White "Jorge, Rita Maria Osorio"]
[Black "Pereira, Antonio Pedro Caram"]
[Result "0-1"]
[WhiteElo "1683"]
[BlackElo "2104"]
[PlyCount "110"]
[EventDate "2014.04.25"]
[EventType "swiss"]
[EventRounds "7"]
[EventCountry "POR"]
[SourceTitle "CBM 160 Extra"]
[Source "ChessBase"]
[SourceDate "2014.07.01"]
[SourceVersion "1"]
[SourceVersionDate "2014.07.01"]
[SourceQuality "1"]

1. e4 c5 2. Nf3 d6 3. Bb5+ Bd7 4. Bxd7+ Qxd7 5. 0-0 Nf6 6. Re1 Nc6 7. c3 e6 8. d4 cxd4 9. cxd4 d5 10. e5 Ne4 11. Bd2 Be7 12. Nc3 Nxc3 13. Bxc3 0-0 14. Rc1 f6 15. Qe2 Rae8 16. Rcd1 Bd8 17. Bd2 f5 18. Bg5 Bb6 19. Bf4 h6 20. h4 Rc8 21. a3 Na5 22. h5 Qf7 23. Nh4 Rc4 24. Ng6 Rfc8 25. Qe3 Nc6 26. b3 Bxd4 27. Qd3 Rc3 28. Qb1 Bb6 29. Bd2 Rc5 30. Be3 Rb5 31. Qd3 a6 32. b4 d4 33. Bf4 Ne7 34. Nxe7+ Qxe7 35. Rc1 Rd8 36. Rc4 Rbd5 37. Rec1 Qh4 38. Bg3 Qxh5 39. Rc8 Qe8 40. R8c4 Qf8 41. a4 a5 42. bxa5 Bxa5 43. Rb1 R8d7 44. Rbc1 Bc3 45. Rb1 f4 46. Bh2 Rf7 47. Rb5 Rxb5 48. axb5 Rf5 49. Qe4 Qe8 50. Qxb7 Qg6 51. Rc8+ Kh7 52. Qb8 Qg4 53. Rh8+ Kg6 54. Qe8+ Rf7 55. Rf8 Qd1# 0-1